Music Quiz

Random Music or Lyrics Quiz

Guess the Lyrics (Lion King Edition) IV Quiz Stats

 Plays Quiz not verified by Sporcle

Score 0/183 Timer 10:00
0 Plays Today
% Correct
I
95.8%
I
95.8%
I
95.8%
I
95.8%
a
95.3%
the
95.3%
a
95.3%
a
95.3%
a
95.3%
a
95.3%
the
95.3%
a
95.3%
And
95.3%
And
95.3%
the
95.3%
a
95.3%
And
95.3%
the
95.3%
a
95.3%
the
95.3%
you?
87%
It
84.4%
it
84.4%
It
84.4%
of
82.1%
your
82.1%
It's
82.1%
It's
82.1%
your
82.1%
of
82.1%
of
82.1%
of
82.1%
your
82.1%
It's
82.1%
no
81.6%
no
81.6%
no
81.6%
no
81.6%
What
80.9%
What
80.9%
for
79.5%
for
79.5%
days
78.8%
days
78.8%
Hakuna
78.3%
Hakuna
78.3%
Hakuna
78.3%
Hakuna
78.3%
Hakuna
78.3%
Hakuna
78.3%
Hakuna
78.3%
Hakuna
78.3%
Hakuna
78.3%
Hakuna
78.3%
Hakuna
78.3%
Hakuna
78.3%
Hakuna
78.3%
Hakuna
78.3%
Hakuna
78.3%
Matata
78.1%
Matata
78.1%
% Correct
rest
78.1%
Matata
78.1%
Matata
78.1%
Matata
78.1%
Matata
78.1%
rest
78.1%
Matata
78.1%
Matata
78.1%
Matata
78.1%
Matata
78.1%
Matata
78.1%
Matata
78.1%
Matata
78.1%
Matata
78.1%
wonderful
77.6%
worries
77.6%
our
77.6%
our
77.6%
wonderful
77.6%
worries
77.6%
our
77.6%
phrase
77.4%
means
77.4%
problem
77.4%
free
77.4%
phrase
77.4%
means
77.4%
problem
77.4%
free
77.4%
philosophy
75.7%
philosophy
75.7%
Ain't
74.5%
Ain't
74.5%
passing
73.8%
passing
73.8%
he
72.9%
He
72.9%
He
72.9%
He
72.9%
in
71.7%
in
71.7%
craze
71.2%
craze
71.2%
when
69.3%
When
69.3%
was
68.4%
was
68.4%
was
68.4%
Not
67.5%
What's
67.2%
What's
67.2%
What's
67.2%
young
65.6%
young
65.6%
warthog
64.4%
warthog
64.4%
oh
63.7%
Oh
63.7%
that
63.4%
that
63.4%
motto
63%
% Correct
motto
63%
my
62.3%
my
62.3%
with
62%
every
61.3%
I'm
60.4%
name
60.1%
name
60.1%
shame
59.7%
could
59.4%
after
59%
meal
58.7%
front
58.7%
clear
58.3%
downwind
58.3%
friends
58%
hurt
57.5%
kids
57.5%
never
57.1%
stood
57.1%
savannah
55.7%
his
55.2%
appeal
55%
Nothing
54.7%
certain
54.5%
Sorry
53.8%
Pumbaa
53.5%
aroma
53.5%
Pumbaa
53.5%
soul
53.3%
though
53.3%
got
53.3%
Why
51.9%
Very
51.2%
nice
51.2%
ashamed
51.2%
found
50.9%
seem
50.9%
changing
50.7%
sensitive
50%
thick
50%
skinned
50%
downhearted
49.3%
thanks
49.1%
Thought
48.3%
lacked
47.4%
Take
44.8%
Yeah
44.6%
a-motto
44.3%
Everytime
44.3%
Hey
39.6%
all
38.7%
here
38%
will
37.7%
problems
33.7%
solve
33.3%
two
32.5%
words
31.8%
Those
28.3%
right
24.8%
That's
24.5%

You're not logged in!

Compare scores with friends on all Sporcle quizzes.
OR
Log In

Show Comments

Extras

Created Feb 20, 2012ReportNominate
Tags:Lyrics Quiz, The Lion King

Top Quizzes Today


Score Distribution

Your Account Isn't Verified!

In order to create a playlist on Sporcle, you need to verify the email address you used during registration. Go to your Sporcle Settings to finish the process.

Report this User

Report this user for behavior that violates our Community Guidelines.

Details: